| 000 | 00799cam a22002771 4500 | ||
|---|---|---|---|
| 001 | 3910 | ||
| 003 | BD-RjUL | ||
| 005 | 20211208233812.0 | ||
| 008 | 131221s1962 nyu b 001 0 eng | ||
| 035 | _a(BD-RjUL)3944 | ||
| 035 | _a(OCoLC)228240 | ||
| 040 |
_aDLC _cODaWU _dOCoLC _dDLC _dBD-RjUL _beng |
||
| 041 | _aeng | ||
| 082 | 0 | 0 |
_a338.954 _bMAP 1962 |
| 100 | 1 |
_aMalenbaum, Wilfred. _912461 |
|
| 245 | 1 | 0 |
_aProspects for Indian development / _cWilfred Malenbaum. |
| 260 |
_aNew York : _bFree Press of Glencoe, _c1962. |
||
| 300 |
_a325 p. ; _c23 cm. |
||
| 504 | _aIncludes bibliography. | ||
| 504 | _aIncludes index. | ||
| 651 | 0 |
_aIndia _xEconomic policy. _912462 |
|
| 651 | 0 |
_aIndia _xEconomic conditions _y1945- _912463 |
|
| 942 |
_2ddc _cBK |
||
| 999 |
_c3910 _d3910 |
||